000 00523nam a2200181Ia 4500
005 20250326124707.0
008 250326s9999 xx 000 0 und d
037 _aTextbook
040 _aFMSL
_beng
_cFMSL
041 _aeng
_2eng
084 _aX:8.4 L3
_qFMSL
100 _aWalsh J E
_9737809
245 0 _aGuidelines for management consultants in Asia
_cWalsh J E
260 _aTokyo
_bTokyo, Asian Productivity Organization
_c1973
300 _a205p
942 _cTB
_hX:8.4 L3
999 _c1274782
_d1274782